| 000 | 00411nam a22001457a 4500 | ||
|---|---|---|---|
| 020 | _a9781259098581 | ||
| 040 | _cNUST | ||
| 082 | _a621.3822 MIT | ||
| 100 |
_aMitra Sanjit K. _9222 |
||
| 245 |
_aDigital Signal Processing: _bA Computer-Based Approach |
||
| 250 | _a4th Edition | ||
| 260 |
_aNew Delhi: _bMc Graw Hill, _c2015. |
||
| 650 |
_aDCE TEXTBOOK. DIGITAL SIGNAL PROCESSING _9111576 |
||
| 942 |
_2ddc _cTEXT |
||
| 999 |
_c594385 _d594385 |
||